NARCISSISTIC PERSONALITY DISORDER - Odetari (all lyrics) - Statistics

General Stats
  • This quiz has been taken 25 times
  • The average score is 190 of 246
Answer Stats
Answer % Correct
breaking
93%
fire
93%
for
93%
love,
93%
love
93%
lust,
93%
me
93%
me,
93%
my
93%
on
93%
Rage,
93%
Don't,
87%
don't
87%
don't,
87%
face
87%
Forgive
87%
I
87%
I'm
87%
it
87%
let
87%
Let
87%
of
87%
so
87%
sorrow
87%
sorry
87%
that
87%
you
87%
You
87%
your
87%
feel
80%
Glad
80%
go
80%
like
80%
promise,
80%
came,
73%
full
73%
heartless,
73%
in
73%
myself,
73%
nobody,
73%
Tell
73%
tell
73%
That's
73%
that's
73%
the
73%
around
67%
pain
67%
selfish
67%
want
67%
why
67%
Off
60%
off
60%
out
60%
stick
60%
toxic
60%
all
53%
can't
47%
Everybody
47%
girls
47%
help,
47%
help
47%
some
47%
only
40%
Roxas
40%
and
33%
drank,
33%
drugs
33%
slo-mo
33%
them
33%
let-let,
20%
Let-let,
20%
Let-let
20%
(Ow)
13%
(Ow!)
13%
No matching quizzes found
Score Distribution
Percent of People with Each Score
Percentile by Number Answered
Your Score History
You have not taken this quiz